|
|
|
|
| LEADER |
00000nam a22000007i 4500 |
| 001 |
IT\ICCU\LO1\1368385 |
| 003 |
ItRI |
| 005 |
20260207201825.0 |
| 008 |
110706s2011 it |||||| ||||| |||||c |
| 020 |
|
|
|a 9788862312004
|
| 040 |
|
|
|b ita
|c Arcigay Rimini
|
| 041 |
|
7 |
|a ita
|2 ISO-639-2
|
| 100 |
1 |
|
|a Martin, Ricky
|0 IT\ICCU\TO0V\282409
|4 aut
|
| 240 |
1 |
0 |
|a Me
|9 Martin, Ricky
|
| 245 |
1 |
0 |
|a Me /
|c Ricky Martin ; traduzione di Claudio Mapelli.
|
| 260 |
|
|
|a Roma :
|b Arcana,
|c 2011
|
| 300 |
|
|
|a 252 p. ;
|c 22 cm
|
| 650 |
|
7 |
|a Martin, Ricky
|x Biografia
|2 scbi
|
| 700 |
1 |
|
|a Mapelli, Claudio
|0 IT\ICCU\SBLV\053497
|
| 942 |
|
|
|2 ddc
|c BK
|
| 952 |
|
|
|0 0
|1 0
|2 ddc
|4 0
|6 800_000000000000000_MAR_ME
|7 1
|9 2369
|a RN
|b RN
|d 2024-12-24
|l 0
|o 800 MAR ME
|p 9822
|r 2024-12-24 13:01:36
|w 2024-12-24
|y BK
|
| 952 |
|
|
|0 0
|1 0
|4 0
|6 DOC_782_421000000000000_MAR
|7 0
|9 20435
|a BO
|b BO
|d 2026-01-15
|i 16802
|l 0
|o DOC 782.421 MAR
|p BO16802
|r 2026-01-15 23:21:24
|w 2026-01-15
|x [Sebina 5] [1 v.]
|y BK
|z 1 v.
|
| 999 |
|
|
|c 2069
|d 2069
|